Biblioteca

El mito de una sociedad sin Dios (Registro nro. 31759)

Detalles MARC
000 -LÍDER
Campo fijo de descripción fija 00854cam a2200301 i 4500
001 - NÚMERO DE CONTROL
Campo de control 768714001
003 - IDENTIFICADOR DEL NÚMERO DE CONTROL
Campo de control CO-MdFUSB
005 - FECHA Y HORA DE LA ULTIMA TRANSACCIÓN
control field 20230614084610.0
007 - CAMPO FIJO DE DESCRIPCIÓN FIJA--INFORMACIÓN GENERAL
Campo fijo de descripción fija ta
008 - ELEMENTOS DE LONGITUD FIJA -- INFORMACIÓN GENERAL
Campo fijo de descripción fija -- Información general 230614t1999 -us||||| |||| 00| | spa d
020 ## - NÚMERO INTERNACIONAL NORMALIZADO PARA LIBROS
Número Internacional Normalizado del libro 84-8267-103-0
040 ## - FUENTE DE CATALOGACIÓN
Idioma de catalogación spa.
Agencia de catalogación original CO-MdFUSB
Agencia que realiza la transcripción CO-MdFUSB
Agencia que realiza la modificación CO-MdFUSBC
Convenciones de la descripción rda
041 ## - CÓDIGO DE IDIOMA
Código de idioma para texto/pista de sonido o título separado spa
082 04 - NÚMERO DE CLASIFICACIÓN DECIMAL DEWEY
Número de la edición del Dewey 23
Número de clasificación R 253.52
Clave de autor-Numero de item T728j
100 1# - ASIENTO PRINCIPAL--NOMBRE PERSONAL
Nombre personal Tournier, Paul (1898-)
Término relacionador autor
240 ## - TITULO UNIFORME
Título uniforme <a href="Désharmonie de la vie moderne">Désharmonie de la vie moderne</a>
245 10 - TÍTULO
Título del Material El mito de una sociedad sin Dios
Mención de responsabilidad, etc. / Paul Tournier
264 #1 - PRODUCCIÓN, PUBLICACIÓN, DISTRIBUCIÓN, MANUFACTURA, Y COPYRIGHT
Lugar de producción, publicación, distribución, manufactura Barcelona, España :
Nombre del productor, publicador, distribuidor Clie,
Fecha de producción, publicación, distribución, manufactura, o copyright [1999]
264 #4 - PRODUCCIÓN, PUBLICACIÓN, DISTRIBUCIÓN, MANUFACTURA, Y COPYRIGHT
Fecha de producción, publicación, distribución, manufactura, o copyright © 1999
300 ## - DESCRIPCIÓN FÍSICA
Extensión 156 páginas
Dimensiones ; 23 cm
336 ## - TIPO DE CONTENIDO
Fuente rdacontent
Término de tipo de contenido texto
Código de tipo de contenido txt
337 ## - TIPO DE MEDIO
Fuente rdamedia
Nombre del tipo de medio sin mediación
Código del tipo de medio n
338 ## - TIPO DE SOPORTE
Fuente rdacarrier
Nombre del tipo de soporte volumen
Código Tipo de soporte nc
563 ## - NOTA DE ENCUADERNACIÓN
Nota de encuadernación Tapa dura
650 #0 - ASIENTO SECUNDARIO DE MATERIA - TERMINO TEMÁTICO
Término temático o nombre geográfico como elemento de entrada Consejería pastoral
9 (RLIN) 228
942 ## - TIPO DE MATERIAL (KOHA)
Tipo de Item KOHA Libros de Referencia
945 ## - INFORMACIÓN LOCAL DEL REGISTRO
Catalogador Mag1104
Existencias
Estado de Material Estado de Perdido Forma de Clasificación Estado de Dañado No para Préstamo Colección Tomo Biblioteca de Origen Biblioteca Permanente Fecha de Adquisición Total de Préstamos Signatura Topográfica Código de Barras Última vez visto Ejemplar/Existencia Fecha de Remplazo Tipo de Material
    Dewey Decimal Classification     Colección de Referencia   Biblioteca FUSBC Biblioteca FUSBC 06/09/2004   R 253.52 T728j 11937 12/12/2019 Vol.10, ej 1 26/01/2016 Libros de Referencia

Biblioteca FUSBC | Teléfono: (57+4) 349 88 10 Ext. 141| WhatsApp (+57) 3005338115 
E-mail: biblioteca@unisbc.edu.co | Calle 76 87-14 Robledo Palenque, Medellín, Colombia

Con tecnología Koha